| 000 | 00627nam a2200229Ia 4500 | ||
|---|---|---|---|
| 005 | 20220808090502.0 | ||
| 008 | 131103s9999 xx 000 0 und d | ||
| 020 | _cRs. 8.25 | ||
| 040 | _aLoreto College | ||
| 041 | _aEnglish | ||
| 082 |
_a572 _bHER |
||
| 100 | _aHerskovits, Melville F. | ||
| 245 |
_aCultural anthropology _cMelville F. Herskovits |
||
| 250 | _aRev. ed. | ||
| 260 |
_aKolkata _bOxford & IBH Publishing _c1955 |
||
| 300 |
_axvi, 569, xxxiv _b ill., fig., photos |
||
| 504 | _aReprinted 1958 | ||
| 650 | _aCultural anthropology | ||
| 651 | _aCulture and institutions | ||
| 850 | _aLCLIB | ||
| 942 | _cBK | ||
| 999 |
_c1046 _d51525 |
||